Statystyki dla Żeńskie Imiona na literę F

Kliknij tutaj aby rozwiązać quiz!

Ogólne statystyki

  • Ten quiz został rozwiązany 176 razy
  • Średni wynik to 4 z 13

Statystyki odpowiedzi

Imiona% Poprawnych
Franciszka
84%
Felicja
73%
Faustyna
65%
Flora
33%
Fryderyka
30%
Filomena
27%
Florentyna
22%
Florencja
21%
Feliksa
19%
Filipina
15%
Fatima
12%
Flawia
6%
Fabrycja
3%

Rozkład punktacji

Percentyl według liczby udzielonych odpowiedzi

Procent ludzi z każdym wynikiem

Twoja historia wyników

Nie rozwiązałeś tego quizu